| 000 | 01042nam a2200265 i 4500 | ||
|---|---|---|---|
| 001 | 85599 | ||
| 003 | ES-MaACL | ||
| 005 | 20250603170000.0 | ||
| 007 | t| | ||
| 008 | 041129m19681969sp ||||1| spa d | ||
| 100 | 1 |
_aJutglar, Antoni. _967368 |
|
| 245 | 1 | 0 |
_aIdeologías y clases en la España contemporánea _b: aproximación a la historia social de las ideas / _cAntoni Jutglar. |
| 260 |
_aMadrid : _bCuadernos para el Diálogo, _c1968-1969. |
||
| 300 |
_a2 v. ; _c18 cm. |
||
| 490 | 1 |
_aDivulgación universitaria. Cuestiones españolas ; _v14, 20 |
|
| 504 | _aReferencias bibliográficas. | ||
| 505 | 8 | _aContiene: 1. 1808-1874 (379 p.) - 2. 1894-1931 (329 p.) | |
| 650 | 4 |
_aPolítica- _zEspaña- _yS.XIX. _9149874 |
|
| 651 | 4 |
_aEspaña- _xSituación social- _yS.XIX _98512 |
|
| 651 | 4 |
_aEspaña- _xSituación social- _y1902-1931. _9165930 |
|
| 710 | 2 |
_aCuadernos para el Diálogo. _93333 |
|
| 830 | 1 |
_aDivulgación universitaria. Cuestiones españolas ; _v14, 20 _9176519 |
|
| 852 |
_aES-MaACL _jC-41220-21 |
||
| 999 |
_c85599 _d85599 |
||